Orlando Bloom : Filmographie - Statistiques

Statistiques générales
  • Ce quiz a été pris 17 fois
  • Le résultat moyen est 8 sur 34
Statistiques - réponses
Hint Réponse % Correct
2001 Le Seigneur des Anneaux : La Communauté de l'Anneau
83%
2002 Le Seigneur des Anneaux : Les Deux Tours
83%
2003 Le Seigneur des Anneaux : Le Retour du Roi
75%
2003 Pirates des Caraïbes : La Malédiction du Black Pearl
58%
2004 Troie
50%
2005 Kingdom of Heaven
42%
2014 Le Hobbit : La Bataille des cinq Armées
42%
2013 Le Hobbit : La Désolation de Smaug
42%
2007 Pirates des Caraïbes : Jusqu'au bout du monde
42%
2023 Gran Turismo
25%
2006 Pirates des Caraïbes : Le Secret du Coffre maudit
25%
1998 Oscar Wilde
17%
2017 Pirates des Caraïbes : La Vengeance de Salazar
17%
2005 Rencontres à Elizabethtown
17%
2013 Zulu
17%
2020 Assiégés
8%
2021 Billie Eilish : The World's a little blurry
8%
2004 Calcium Kid
8%
2017 Conspiracy
8%
2024 Deep Cover
8%
2015 Digging for Fire
8%
2004 Haven : L'enfer au paradis
8%
2002 La Chute du faucon noir
8%
2011 Les Trois Mousquetaires
8%
2007 Love (et ses petits désastres)
8%
2010 Main Street
8%
2003 Ned Kelly
8%
2021 Needle in a Timestack
8%
2010 New York, I love you
8%
2024 Red Right Hand
8%
2017 Romans
8%
2013 Sympathy for delicious
8%
2011 The Good Doctor
8%
2017 The Shangai Job
0%
Aucun quiz correspondant
Distribution des résultats
% des personnes avec chaque résultat
Percentile par nombre de réponses
Votre historique - résultats
Vous n’avez pas pris ce quiz